000 00550nam a2200181Ia 4500
008 151018s9999 xx 000 0 und d
082 _bRBASDV47901
_a891.433
100 _aकांता सिन्हा
245 _aसुप्रभात
250 _b1
260 _bइंडियन प्रेस लि
_c2007
300 _a96
600 _aकांता सिन्हा
630 _aसुप्रभात
700 _aकांता सिन्हा
730 _aसुप्रभात
942 _cBOOK
999 _c1047031
_d1047028